01321nam a2200289 a 4500001001000000003000900010005001700019008004100036040002500077082002400102100003700126245004300163250001100206260004200217300002100259505033500280590002600615600003700641651004100678651003900719651003700758651004500795910004100840942001400881952012100895999001501016000002721DO-SdBNP20260321073637.0081117s1995 dr 000 0 spa d aDO-SdBNPbspacBNPHU a320.98bB742d, 19951 a Bosch, Juan, d1909-200197655510aDe México a Kampuchea /cJuan Bosch. a2a ed. aSanto Domingo :bAlfa & Omega,c1995. a145 p. ;c21 cm.0 aUn presidente que se respeta -- La carta de los pueblos -- El país que se fue adelante -- Rusell, un tribunal con respaldo popular -- Italia ni aquí ni en ninguna parte -- Claveles y fusiles -- ¿Adónde va España? -- En Venezuela andan juntos petróleo y miseria -- Un respiro y nada más -- El nombre que hace historia. aInventariado, 2018/LP10a Bosch, Juan, d1909-2001976555 4aMéxicoxPolítica y gobierno9539 4aEuropaxPolítica y gobierno9540 4aCubaxPolítica y gobierno9541 0aVenezuela xPolítica y gobierno926230 aValidado. Control de calidad MMOLINA 2ddccLBS1 0010718PDaPDbPDcHDd2009-07-03iLF1l0o320.98 B742d, 1995p2721-10r2020-06-25w2020-06-25yLFPDZNo se presta c2556d2556